Detalles MARC
| 000 -CABECERA |
| campo de control de longitud fija |
01750nam a22005410a 4500 |
| 001 - NÚMERO DE CONTROL |
| campo de control |
UByD001953 |
| 003 - IDENTIFICADOR DEL NÚMERO DE CONTROL |
| campo de control |
AR-LpoUNG |
| 005 - FECHA Y HORA DE LA ÚLTIMA TRANSACCIÓN |
| campo de control |
20241216113353.0 |
| 008 - DATOS DE LONGITUD FIJA--INFORMACIÓN GENERAL |
| campo de control de longitud fija |
230910s2012||||ag |||||||||||||||||spa d |
| 020 ## - NÚMERO INTERNACIONAL ESTÁNDAR DEL LIBRO |
| Número Internacional Estándar del Libro |
9789876305433 |
| 040 ## - FUENTE DE LA CATALOGACIÓN |
| Centro catalogador/agencia de origen |
AR-LpoUNG |
| Lengua de catalogación |
spa |
| Centro/agencia transcriptor |
AR-LpoUNG |
| Normas de descripción |
aacr |
| 041 ## - CÓDIGO DE LENGUA |
| Código de lengua del texto/banda sonora o título independiente |
spa |
| 044 ## - CÓDIGO DEL PAÍS DE LA ENTIDAD EDITORA/PRODUCTORA |
| Código MARC del país |
ag |
| 082 0# - NÚMERO DE LA CLASIFICACIÓN DECIMAL DEWEY |
| Número de clasificación |
982.066 421his |
| 100 1# - ENTRADA PRINCIPAL--NOMBRE DE PERSONA |
| Nombre de persona |
Scocco, Marianela |
| 245 14 - MENCIÓN DE TÍTULO |
| Título |
Una historia en movimiento : |
| Resto del título |
las luchas por los derechos humanos en Rosario (1968-1985) |
| 250 ## - MENCIÓN DE EDICIÓN |
| Mención de edición |
1ra. ed. |
| 260 ## - PUBLICACIÓN, DISTRIBUCIÓN, ETC. |
| Lugar de publicación, distribución, etc. |
Buenos Aires : |
| -- |
La Plata : |
| -- |
Posadas : |
| Nombre del editor, distribuidor, etc. |
Universidad Nacional de General Sarmiento ; |
| -- |
Universidad Nacional de La Plata. Facultad de Humanidades y Ciencias de la Educación ; |
| -- |
Universidad Nacional de Misiones, |
| Fecha de publicación, distribución, etc. |
2022. |
| 300 ## - DESCRIPCIÓN FÍSICA |
| Extensión |
378 p. : |
| Otras características físicas |
tbls. |
| 490 0# - MENCIÓN DE SERIE |
| Mención de serie |
Entre los libros de la buena memoria ; |
| Designación de volumen o secuencia |
no. 23 |
| 650 #4 - PUNTO DE ACCESO ADICIONAL DE MATERIA--TÉRMINO DE MATERIA |
| Término de materia o nombre geográfico como elemento de entrada |
ARGENTINA |
| 650 #4 - PUNTO DE ACCESO ADICIONAL DE MATERIA--TÉRMINO DE MATERIA |
| Término de materia o nombre geográfico como elemento de entrada |
ANALISIS HISTORICO |
| 650 #4 - PUNTO DE ACCESO ADICIONAL DE MATERIA--TÉRMINO DE MATERIA |
| Término de materia o nombre geográfico como elemento de entrada |
ANALISIS SOCIOLOGICO |
| 650 #4 - PUNTO DE ACCESO ADICIONAL DE MATERIA--TÉRMINO DE MATERIA |
| Término de materia o nombre geográfico como elemento de entrada |
ASPECTOS JURIDICOS |
| 650 #4 - PUNTO DE ACCESO ADICIONAL DE MATERIA--TÉRMINO DE MATERIA |
| Término de materia o nombre geográfico como elemento de entrada |
HISTORIA POLITICA |
| 650 #4 - PUNTO DE ACCESO ADICIONAL DE MATERIA--TÉRMINO DE MATERIA |
| Término de materia o nombre geográfico como elemento de entrada |
HISTORIA SOCIAL |
| 650 #4 - PUNTO DE ACCESO ADICIONAL DE MATERIA--TÉRMINO DE MATERIA |
| Término de materia o nombre geográfico como elemento de entrada |
ESTADO |
| 650 #4 - PUNTO DE ACCESO ADICIONAL DE MATERIA--TÉRMINO DE MATERIA |
| Término de materia o nombre geográfico como elemento de entrada |
VIOLENCIA |
| 650 #4 - PUNTO DE ACCESO ADICIONAL DE MATERIA--TÉRMINO DE MATERIA |
| Término de materia o nombre geográfico como elemento de entrada |
TERRORISMO |
| 650 #4 - PUNTO DE ACCESO ADICIONAL DE MATERIA--TÉRMINO DE MATERIA |
| Término de materia o nombre geográfico como elemento de entrada |
DERECHOS HUMANOS |
| 650 #4 - PUNTO DE ACCESO ADICIONAL DE MATERIA--TÉRMINO DE MATERIA |
| Término de materia o nombre geográfico como elemento de entrada |
DICTADURA |
| 650 #4 - PUNTO DE ACCESO ADICIONAL DE MATERIA--TÉRMINO DE MATERIA |
| Término de materia o nombre geográfico como elemento de entrada |
GOBIERNO MILITAR |
| 650 #4 - PUNTO DE ACCESO ADICIONAL DE MATERIA--TÉRMINO DE MATERIA |
| Término de materia o nombre geográfico como elemento de entrada |
SOCIEDAD CIVIL |
| 650 #4 - PUNTO DE ACCESO ADICIONAL DE MATERIA--TÉRMINO DE MATERIA |
| Término de materia o nombre geográfico como elemento de entrada |
CONFLICTOS SOCIALES |
| 650 #4 - PUNTO DE ACCESO ADICIONAL DE MATERIA--TÉRMINO DE MATERIA |
| Término de materia o nombre geográfico como elemento de entrada |
ORGANIZACIONES ESTUDIANTILES |
| 650 #4 - PUNTO DE ACCESO ADICIONAL DE MATERIA--TÉRMINO DE MATERIA |
| Término de materia o nombre geográfico como elemento de entrada |
MOVIMIENTOS OBREROS |
| 650 #4 - PUNTO DE ACCESO ADICIONAL DE MATERIA--TÉRMINO DE MATERIA |
| Término de materia o nombre geográfico como elemento de entrada |
PRESO POLITICO |
| 653 #0 - TÉRMINO DE INDIZACIÓN--NO CONTROLADO |
| Término no controlado |
TERRORISMO DE ESTADO |
| 653 #0 - TÉRMINO DE INDIZACIÓN--NO CONTROLADO |
| Término no controlado |
PERSECUCION POLITICA |
| 653 #0 - TÉRMINO DE INDIZACIÓN--NO CONTROLADO |
| Término no controlado |
DESAPARECIDOS |
| 653 #0 - TÉRMINO DE INDIZACIÓN--NO CONTROLADO |
| Término no controlado |
MADRES DE PLAZA DE MAYO |
| 653 #0 - TÉRMINO DE INDIZACIÓN--NO CONTROLADO |
| Término no controlado |
ABUELAS DE PLAZA DE MAYO |
| 653 #0 - TÉRMINO DE INDIZACIÓN--NO CONTROLADO |
| Término no controlado |
ROSARIO |
| 653 #0 - TÉRMINO DE INDIZACIÓN--NO CONTROLADO |
| Término no controlado |
MEMORIA COLECTIVA |
| 856 40 - LOCALIZACIÓN Y ACCESO ELECTRÓNICOS |
| Identificador Uniforme del Recurso |
<a href="http://repositorio.ungs.edu.ar:8080/xmlui/handle/UNGS/711">http://repositorio.ungs.edu.ar:8080/xmlui/handle/UNGS/711</a> |
| Texto de enlace |
Texto completo |
| 905 ## - ELEMENTOS DE DATOS E LOCAL, LDE (RLIN) |
| a |
62370 |
| 942 ## - ELEMENTOS DE PUNTO DE ACCESO ADICIONAL (KOHA) |
| Tipo de ítem Koha |
Libro |
| Fuente del sistema de clasificación o colocación |
Dewey Decimal Classification |